00490 2200193 4500001002100000005001500021008004100036035002000077082000800097084001400105100001300119245006100132250000600193260004700199300001200246650001400258990001200272990001200284INLIS00000000000026920240503072809240503 0 ind  a0010-0424000245 a600 a600 TIM s aTIM LOPI1 aStrategi Jitu Menjuarai OSN Komputer Jilid 1 /cTIM LOPI a1 aJakarta :bPT. Bina Prestasi Insani,c2017 a226 hlm 4aNon Fiksi a0732358 a0732359